|
|
|
|
| LEADER |
00000cam a2200000 c 4500 |
| 001 |
1071183427 |
| 003 |
DE-627 |
| 005 |
20260206203813.0 |
| 007 |
tu |
| 008 |
850101s1968 xx ||||| 00| ||ger c |
| 035 |
|
|
|a (DE-627)1071183427
|
| 035 |
|
|
|a (DE-603)020233515
|
| 035 |
|
|
|a (DE-576)001183427
|
| 035 |
|
|
|a (DE-599)BSZ001183427
|
| 035 |
|
|
|a (OCoLC)02924206
|
| 035 |
|
|
|a (DE-604)8029596289
|
| 040 |
|
|
|a DE-627
|b ger
|c DE-627
|e rakwb
|
| 041 |
|
|
|a ger
|
| 082 |
0 |
|
|a 329.9/43
|
| 082 |
0 |
|
|a 329.943
|2 DDCoclc
|
| 084 |
|
|
|a MG 15380
|2 rvk
|0 (DE-625)rvk/122818:12126
|
| 100 |
1 |
|
|a Maier, Hans
|d 1931-
|0 (DE-588)118576380
|0 (DE-627)061257788
|0 (DE-576)162102151
|4 aut
|
| 109 |
|
|
|a Maier, Hans 1931-
|a Maier, Hans Hermann 1931-
|a Maier, Hans H. 1931-
|a Maier, H. 1931-
|
| 245 |
1 |
4 |
|a Die NPD
|b Struktur und Ideologie einer 'nationalen Rechtspartei'
|c Hans Maier; Hermann Bott
|
| 250 |
|
|
|a 2., erw. Aufl.
|
| 264 |
|
1 |
|a München
|b Piper
|c 1968
|
| 300 |
|
|
|a 99 S.
|
| 336 |
|
|
|a Text
|b txt
|2 rdacontent
|
| 337 |
|
|
|a ohne Hilfsmittel zu benutzen
|b n
|2 rdamedia
|
| 338 |
|
|
|a Band
|b nc
|2 rdacarrier
|
| 583 |
1 |
|
|a Archivierung/Langzeitarchivierung gewährleistet
|f SLG
|x XA-DE-BW
|z BfZ
|2 pdager
|5 DE-24
|
| 610 |
2 |
7 |
|0 (DE-588)2019974-0
|0 (DE-627)102017727
|0 (DE-576)191733075
|a Nationaldemokratische Partei Deutschlands
|g Deutschland, Bundesrepublik
|2 gnd
|
| 689 |
0 |
0 |
|d b
|0 (DE-588)2019974-0
|0 (DE-627)102017727
|0 (DE-576)191733075
|a Nationaldemokratische Partei Deutschlands
|g Deutschland, Bundesrepublik
|2 gnd
|
| 689 |
0 |
|
|5 (DE-627)
|
| 700 |
1 |
|
|a Bott, Hermann
|4 aut
|
| 935 |
|
|
|a rexa
|
| 935 |
|
|
|h HEB
|i 0501
|
| 935 |
|
|
|h HEB
|i 0503
|
| 936 |
r |
v |
|a MG 15380
|b Geschichte, Struktur, Probleme
|k Politologie
|k Politische Systeme einzelner Länder
|k Europa, Nordamerika
|k Westeuropa, Mitteleuropa
|k Bundesrepublik Deutschland
|k Bundesrepublik Deutschland
|k Parteien und politische Bewegungen
|k Mehrere Parteien, Parteiensysteme
|k Rechtsradikalismus
|k Geschichte, Struktur, Probleme
|0 (DE-627)1270709275
|0 (DE-625)rvk/122818:12126
|0 (DE-576)200709275
|
| 936 |
s |
n |
|a m100
|2 mzub
|
| 951 |
|
|
|a BO
|
| ELC |
|
|
|b 1
|
| LOK |
|
|
|0 000 xxxxxcx a22 zn 4500
|
| LOK |
|
|
|0 001 2564390145
|
| LOK |
|
|
|0 003 DE-627
|
| LOK |
|
|
|0 004 1071183427
|
| LOK |
|
|
|0 005 20080226114526
|
| LOK |
|
|
|0 008 080226||||||||||||||||ger|||||||
|
| LOK |
|
|
|0 040
|a DE-21-58
|c DE-627
|d DE-21-58
|
| LOK |
|
|
|0 541
|e 76-.1410
|
| LOK |
|
|
|0 852
|a DE-21-58
|
| LOK |
|
|
|0 852 1
|c G XVI cd 19/c
|m p
|9 00
|
| LOK |
|
|
|0 935
|a retr
|a kneu
|
| LOK |
|
|
|0 938
|k p
|
| LOK |
|
|
|0 939
|a 26-02-08
|b l02
|
| ORI |
|
|
|a SA-MARC-krimdoka001.raw
|
| TIM |
|
|
|a 100019640101_100019901231
|b 1964 - 1990
|